| 000 | 00000nam##2200000za#4500 |
| 001 | 9.646311 |
| 003 | CaOODSP |
| 005 | 20200401083343 |
| 007 | ta |
| 008 | 150407|1996||||xxc||||| f|0| 0 eng|d |
| 020 | |a0-662-24984-4 |
| 040 | |aCaOODSP|beng |
| 043 | |an-cn--- |
| 086 | 1 |aH68-39/1996E |
| 110 | 1 |aCanada.|bHealth Canada. |bNational Council of Welfare. |
| 245 | 10|aImproving the Canada Pension Plan : |ba report by the National Council of Welfare |
| 260 | |aOttawa - Ontario : |bHealth Canada. |c1996. |
| 300 | |a38p. : |bgraphs, references, tables ; |c28 cm. |
| 500 | |aContents: Foreword.--Myths and realities.--Financing the Canada Pension Plan.--Improving the Canada and Quebec Pension Plans.--Pitfalls in the process of CPP reforms.--Conclusion and summary of recommendations.--Footnotes. |
| 563 | |aSoftcover |
| 590 | |a96-42|b1996-10-18 |
| 775 | 08|tAméliorer le Régime de pensions du Canada : |w(CaOODSP)9.679869 |
| 776 | 0#|tImproving the Canada Pension Plan |w(CaOODSP)9.696590 |